000 00463nam a2200181Ia 4500
001 4149
005 20260306145734.0
008 260306t2008||||xx |||||||||||||| ||spa||
041 _aESP
082 _a306.9
_bA157
100 _aAnrubia, Enrique
_eAUT
245 0 _aLa fragilidad de los hombres:
_bLa enfermedad, la filosofía y la muerte
260 _c2008
300 _a205 páginas :
_c20 cm.
650 _aGEN
654 _aCED
942 _cLIB
_dJUS
_fJUS
_2ddc
_n
999 _c4149
_d4149